00398 2200157 4500245006200000020002200062250001000084100001900094700001700113005001900130260003200149041001400181084001100195300002500206336000900231 aPerbanyak Bersyukur, Jauhi InsecurecDevi ArdiyantihText a978-623-7661-96-2 aCet.1 aDevi Ardiyanti aZhivana A.U. a20241017092839 aYogyakartabChecklistc2022 aIndonesia a155.25 avi + 206 hlm 20 cm : atext